Statistics for All 50k+ Cities in Belgium with a Map

Click here to take the quiz!

General Stats

  • This quiz has been taken 316 times
  • The average score is 17 of 30

Answers on the Map

Answers color-coded by a green-red scale on the quiz's map according to % correct below.
Loading ...
 

Answer Stats

PopulationCity% Correct
529,247Antwerp
99%
185,103Brussels
97%
197,217Liège
95%
263,927Ghent
95%
118,656Brugge
94%
202,746Charleroi
84%
71,647Ostend
80%
111,432Namur
80%
102,275Leuven
78%
95,887Mons
72%
86,921Mechelen
67%
77,109Kortrijk
66%
66,447Genk
64%
78,714Hasselt
61%
120,887Anderlecht
55%
78,531Sint-Niklaas
50%
87,332Aalst
48%
132,799Schaerbeek
44%
69,083Tournai
44%
97,979Molenbeek-Saint-Jean
43%
58,767Mouscron
43%
63,478Roeselare
38%
55,290Verviers
35%
83,980Uccle
34%
81,138La Louvière
34%
87,632Ixelles
33%
52,728Jette
23%
64,192Seraing
22%
56,581Forest
20%
57,712Woluwe-Saint-Lambert
19%

Score Distribution

Percentile by Number Answered

Percent of People with Each Score

Your Score History

You have not taken this quiz